000 00934nam a2200229 a 4500
001 41649
003 BD-RjUL
005 20211209053428.0
008 160604s1967 i ||||| |||| 00| 0 ben d
020 _c: IRs. 5.00
035 _a(BD-RjUL)41767
040 _aBD-RjUL
_bben
_cBD-RjUL
041 _aben
082 _223
_a891.4414
_bBAR 1967
100 _aবন্দ্যোপাধ্যায়, কনক
_9127931
245 1 0 _aরবীন্দ্রনাট্য-সমীক্ষা /
_cকনক বন্দ্যোপাধ্যায়
260 _aকলিকাতা :
_bএ. মুখার্জী অ্যাণ্ড কোং,
_c১৯৬৭ (১৩৭৩)
300 _a[১০], ২০৮ পৃ. ;
_c২৩ সেমি.
600 _aঠাকুর, রবীন্দ্রনাথ
_d১৮৬১-১৯৪১
_9128000
600 _cTagore, Rabindranath
_d1861-1941.
_9128001
942 _2ddc
_cBK
999 _c41649
_d41649